James Bond Movies - Statistics

General Stats
  • This quiz has been taken 29 times
  • The average score is 19 of 27
Answer Stats
Picture Hint Answer % Correct
Unofficial Casino Royale
96%
Casino Royale
96%
Dr. No
96%
From Russia with Love
86%
Goldfinger
86%
Moonraker
82%
Quantum of Solace
82%
Skyfall
82%
The Man with the Golden Gun
82%
No Time to Die
79%
You Only Live Twice
79%
Octopussy
75%
Spectre
75%
Live and Let Die
71%
Diamonds Are Forever
68%
Thunderball
68%
GoldenEye
64%
Licence to Kill
64%
The Spy Who Loved Me
64%
On Her Majesty's Secret Service
61%
Die Another Day
57%
The Living Daylights
57%
The World Is Not Enough
54%
A View to a Kill
50%
For Your Eyes Only
46%
Unofficial Never Say Never Again
46%
Tomorrow Never Dies
43%
No matching quizzes found
Score Distribution
Percent of People with Each Score
Percentile by Number Answered
Your Score History
You have not taken this quiz